Kľúčové slová v medzinárodnom obchode
Salvato in:
| Natura: | Libro |
|---|---|
| Lingua: | slovacco inglese tedesco spagnolo francese italiano |
| Pubblicazione: |
Bratislava
Slovenská obchodná a priemyselná komora
1999
|
| Edizione: | 4. uprav. vyd. |
| Soggetti: | |
| Tags: |
Nessun Tag, puoi essere il primo ad aggiungerne!!
|
MARC
| LEADER | 00000nam a2200000 4500 | ||
|---|---|---|---|
| 001 | c111129 | ||
| 005 | 20250526111821.8 | ||
| 020 | |a 80-85588-73-0 | ||
| 041 | 0 | |a slo | |
| 041 | 0 | |a eng | |
| 041 | 0 | |a ger | |
| 041 | 0 | |a spa | |
| 041 | 0 | |a fre | |
| 041 | 0 | |a ita | |
| 044 | |a SK | ||
| 245 | 1 | 0 | |a Kľúčové slová v medzinárodnom obchode |c [preklad: Miloslav Lajcha] |
| 250 | |a 4. uprav. vyd. | ||
| 264 | 1 | |a Bratislava |b Slovenská obchodná a priemyselná komora |c 1999 | |
| 300 | |a 432 s. | ||
| 610 | 2 | 0 | |a obchod medzinárodný |
| 610 | 2 | 0 | |a trh medzinárodný |
| 610 | 2 | 0 | |a politika obchodná |
| 610 | 2 | 0 | |a jazykoveda |
| 610 | 2 | 0 | |a terminológia |
| 610 | 2 | 0 | |a jazyky cudzie |